Catálogo
 En Linea

Series del Caribe / (Registro nro. 4065)

Detalles MARC
000 -CABECERA
campo de control de longitud fija 00662cam a2200205 a 4500
001 - NÚMERO DE CONTROL
campo de control 000004251
005 - FECHA Y HORA DE LA ÚLTIMA TRANSACCIÓN
campo de control 20200929151422.0
008 - DATOS DE LONGITUD FIJA--INFORMACIÓN GENERAL
campo de control de longitud fija 960422s1987 ve a 001 0 spa
020 ## - NÚMERO INTERNACIONAL ESTÁNDAR DEL LIBRO
Número Internacional Estándar del Libro 9803000063
040 ## - FUENTE DE LA CATALOGACIÓN
Centro catalogador/agencia de origen DO-SdBNP
Centro/agencia transcriptor DLC
Centro/agencia modificador DLC
082 ## - NÚMERO DE LA CLASIFICACIÓN DECIMAL DEWEY
Número de clasificación 796.3570
Número de documento/Ítem A627s
100 1# - ENTRADA PRINCIPAL--NOMBRE DE PERSONA
Nombre de persona Antero Núñez, José.
9 (RLIN) 12564
245 10 - MENCIÓN DE TÍTULO
Título Series del Caribe /
Mención de responsabilidad, etc. José Antero Núñez.
260 ## - PUBLICACIÓN, DISTRIBUCIÓN, ETC.
Lugar de publicación, distribución, etc. Caracas :
Nombre del editor, distribuidor, etc. [Urbina],
Fecha de publicación, distribución, etc. 1987.
300 ## - DESCRIPCIÓN FÍSICA
Extensión 530 p. :
Otras características físicas il. ;
Dimensiones 22 cm.
504 ## - NOTA DE BIBLIOGRAFÍA, ETC.
Nota de bibliografía, etc. Incluye referencias bibliográficas.
650 #4 - PUNTO DE ACCESO ADICIONAL DE MATERIA--TÉRMINO DE MATERIA
Término de materia o nombre geográfico como elemento de entrada Baseball
Subdivisión geográfica Area Del Caribe
Subdivisión general Historia
9 (RLIN) 12565
611 24 - PUNTO DE ACCESO ADICIONAL DE MATERIA--NOMBRE DE REUNIÓN/CONGRESO
Nombre de congreso/reunión o jurisdicción como elemento de entrada CARIBE SERIE MUNDIAL (Baseball)
Subdivisión general HISTORIA
9 (RLIN) 12566
910 ## - DATOS DE OPCIÓN DEL USUARIO (OCLC)
Datos de opción del usuario Catalogación por copia / LC
Existencias
Estado de retiro Estado de pérdida Restricciones de uso No para préstamo Código de colección Localización permanente Ubicación/localización actual Ubicación en estantería Fecha de adquisición Número de inventario Total de préstamos Signatura topográfica completa Código de barras Fecha visto por última vez Precio válido a partir de Tipo de ítem Koha
    Préstamo interno   Monografías: Libros y Folletos General General En catalogación 20.07.2009 LF1   796.3570 A627s 4251-10 25.06.2020 25.06.2020 Préstamo interno

Con tecnología Koha